[Event "European Blitz 2022"]
[Site "Katowice POL"]
[Date "2022.12.16"]
[Round "4.76"]
[White "Larkin, Vladyslav"]
[Black "Kolodziejski, Piotr"]
[Result "1-0"]
[WhiteTitle "IM"]
[WhiteElo "2452"]
[BlackElo "2091"]
[WhiteFideId "14152894"]
[BlackFideId "21840962"]
[EventDate "2022.12.16"]

1. e4 c6 2. d4 d5 3. f3 dxe4 4. fxe4 e5 5. Nf3 exd4 6. Bc4 Be6 7. Bxe6 fxe6 8.
O-O Nf6 9. e5 Nfd7 10. Ng5 Nxe5 11. Nxe6 Qd6 12. Qh5+ g6 13. Qh3 Nbd7 14. Nd2 d3
15. Ne4 Qb8 16. cxd3 Be7 17. Ng7+ Kd8 18. Bf4 b5 19. d4 Qb6 20. Ne6+ Ke8 21. Kh1
Nc4 22. Nc7+ Kd8 23. Nxa8 Qxd4 24. Rad1 1-0

[Event "European Blitz 2022"]
[Site "Katowice POL"]
[Date "2022.12.16"]
[Round "4.77"]
[White "Kowalski, Igor"]
[Black "Goraj, Barbara"]
[Result "1-0"]
[WhiteTitle "IM"]
[BlackTitle "WCM"]
[WhiteElo "2344"]
[BlackElo "2130"]
[WhiteFideId "1172468"]
[BlackFideId "21816166"]
[EventDate "2022.12.16"]

1. d4 Nf6 2. Nf3 g6 3. Nc3 d5 4. Bf4 c6 5. e3 Bg7 6. Be2 O-O 7. Ne5 Nbd7 8. h4
Nxe5 9. Bxe5 h5 10. f3 b5 11. Qd2 a5 12. Nd1 Nd7 13. Bxg7 Kxg7 14. g4 hxg4 15.
fxg4 Nf6 16. Nf2 b4 17. O-O-O Ba6 18. Bf3 Rb8 19. g5 Nh5 20. Bxh5 gxh5 21. Nh3
a4 22. Nf4 b3 23. cxb3 axb3 24. a3 Rh8 25. g6 Qd6 26. gxf7 Kxf7 27. Rdg1 Bc4 28.
Rg6 Qd7 29. Rhg1 Rbg8 30. Qg2 Qf5 31. Rxg8 1-0

[Event "European Blitz 2022"]
[Site "Katowice POL"]
[Date "2022.12.16"]
[Round "4.78"]
[White "Barski, Radoslaw"]
[Black "Cieslak, Patryk"]
[Result "1-0"]
[WhiteTitle "IM"]
[WhiteElo "2441"]
[BlackElo "2094"]
[WhiteFideId "1131710"]
[BlackFideId "21078882"]
[EventDate "2022.12.16"]

1. e4 c5 2. Nf3 d6 3. Bb5+ Bd7 4. Bxd7+ Qxd7 5. O-O Nc6 6. c3 Nf6 7. Re1 e6 8.
d4 cxd4 9. cxd4 d5 10. e5 Ne4 11. Nbd2 Nxd2 12. Bxd2 Bb4 13. Re3 Bxd2 14. Qxd2
O-O 15. h4 Qe7 16. h5 h6 17. Rc1 Rac8 18. Rec3 Qd7 19. g4 Ne7 20. Kg2 Rxc3 21.
Rxc3 Rc8 22. Rb3 b6 23. Qb4 Qb7 24. Rc3 Rxc3 25. Qxc3 Qc6 26. Qa3 Qc7 27. Qa4
Nc6 28. b4 Kf8 29. a3 a5 30. Qc2 Qb7 31. Qh7 axb4 32. Qh8+ Ke7 33. axb4 Nxb4 34.
Qxg7 Nd3 35. Qxh6 Qa6 36. Qf6+ Ke8 37. Ng5 Qa7 38. h6 Ne1+ 39. Kh2 Nd3 40. h7 1-0

[Event "European Blitz 2022"]
[Site "Katowice POL"]
[Date "2022.12.16"]
[Round "4.79"]
[White "Czarnecka, Lidia"]
[Black "Novotny, Michal"]
[Result "1-0"]
[WhiteTitle "WCM"]
[BlackTitle "FM"]
[WhiteElo "2018"]
[BlackElo "2250"]
[WhiteFideId "21807531"]
[BlackFideId "310980"]
[EventDate "2022.12.16"]

1. e4 e6 2. d4 d5 3. e5 c5 4. c3 Nc6 5. Nf3 Bd7 6. Na3 Nge7 7. Nc2 cxd4 8. cxd4
Ng6 9. Bd3 Be7 10. O-O O-O 11. a3 a6 12. Re1 f6 13. Bxg6 hxg6 14. Qd3 fxe5 15.
dxe5 Qe8 16. Ncd4 Qf7 17. Bd2 Nxd4 18. Qxd4 Qf5 19. Rac1 Rac8 20. h3 Bb5 21. Be3
Bc4 22. Nd2 Bc5 23. Qc3 Be7 24. Qd4 Bb5 25. b4 Rc6 26. Rxc6 Bxc6 27. Nf3 Rc8 28.
Rc1 Rf8 29. Qc3 Qe4 30. Qd4 Qf5 31. Qc3 Qe4 32. Qd4 Qf5 33. Qc3 Rd8 34. Nd4 Qxe5
35. Nxc6 Qxc3 36. Nxe7+ Kf7 37. Rxc3 d4 38. Bxd4 Rxd4 39. Nc8 e5 40. Nb6 Ke6 41.
Nc4 Kd5 42. Ne3+ Ke4 43. Kf1 Rd2 44. Ke1 Ra2 45. Rc4+ Kd3 46. Rc7 Ra1+ 47. Nd1
b5 48. Rc3+ Kd4 49. Re3 e4 50. Rg3 g5 51. Re3 Rb1 52. Kd2 Ra1 53. Rb3 Ra2+ 54.
Kc1 Ra1+ 55. Kc2 Ra2+ 56. Nb2 Ra1 57. Rg3 Rf1 58. Nd1 Re1 59. Kd2 Rg1 60. Rxg5
Kc4 61. Rxg7 Kb3 62. Rg3+ Ka2 63. h4 Rh1 64. Rh3 Rg1 65. Rh2 Kb3 66. h5 1-0

[Event "European Blitz 2022"]
[Site "Katowice POL"]
[Date "2022.12.16"]
[Round "4.80"]
[White "Haydon, David L"]
[Black "Grochowski, Krzysztof"]
[Result "1/2-1/2"]
[WhiteTitle "FM"]
[WhiteElo "2289"]
[BlackElo "2035"]
[WhiteFideId "415405"]
[BlackFideId "1127730"]
[EventDate "2022.12.16"]

1. Nf3 Nf6 2. e3 d5 3. b3 c6 4. Bb2 Bg4 5. Be2 e6 6. h3 Bh5 7. d3 Nbd7 8. Nbd2
Be7 9. g4 Bg6 10. Nh4 O-O 11. Nxg6 fxg6 12. f4 Bd6 13. Nf3 Qe7 14. d4 c5 15. c3
Rac8 16. O-O Ne4 17. Kg2 g5 18. Ne5 cxd4 19. cxd4 Nc3 20. Bxc3 Rxc3 21. Qd2 Rcc8
22. Bd3 Nf6 23. fxg5 Ne4 24. Bxe4 dxe4 25. Nc4 Bb4 26. Qe2 Qxg5 27. Ne5 Bd6 28.
Nc4 Bb8 29. Rxf8+ Rxf8 30. Rf1 Rxf1 31. Kxf1 Qf6+ 32. Qf2 Qg5 33. Nd2 Qd5 34.
Qg2 e5 35. Qxe4 Qf7+ 36. Ke2 exd4 37. exd4 h5 38. Nf3 hxg4 39. hxg4 Bd6 40. Ng5
Qe7 41. Kd3 Qxg5 42. Qe6+ Kh7 43. Qxd6 Qxg4 44. Qe5 Qf3+ 45. Kc4 Qc6+ 46. Kb4
Qb6+ 47. Kc3 Qc6+ 48. Kb2 Qg2+ 49. Ka3 g5 50. d5 Kg6 51. d6 Qd2 52. Qe6+ Kh5 53.
Qe8+ Kh4 54. Qd8 Kh5 55. Qc7 b6 56. b4 Qd3+ 57. Ka4 Qa6+ 58. Kb3 Qd3+ 59. Kb2
Qd2+ 60. Kb3 Qd3+ 61. Ka4 Qa6+ 62. Kb3 Qd3+ 1/2-1/2

[Event "European Blitz 2022"]
[Site "Katowice POL"]
[Date "2022.12.16"]
[Round "4.81"]
[White "Kindler, Przemyslaw"]
[Black "Fus, Jakub"]
[Result "0-1"]
[BlackTitle "FM"]
[WhiteElo "2007"]
[BlackElo "2405"]
[WhiteFideId "1159542"]
[BlackFideId "1193023"]
[EventDate "2022.12.16"]

1. e4 e6 2. d3 d5 3. Nd2 Nf6 4. g3 Nc6 5. Bg2 dxe4 6. Nxe4 Be7 7. Ne2 O-O 8. O-O
Nxe4 9. Bxe4 Bf6 10. c3 Bd7 11. d4 Rb8 12. Qc2 h6 13. Be3 Ne7 14. Rad1 Bc6 15.
c4 Bxe4 16. Qxe4 c6 17. Bf4 Rc8 18. b4 b5 19. Rc1 bxc4 20. Rxc4 Nd5 21. Rfc1 Qd7
22. Qc2 Nxf4 23. Nxf4 Bg5 24. Qe4 Qd6 25. a3 Bxf4 26. gxf4 Rfd8 27. Rxc6 Rxc6
28. Rxc6 Qe7 29. Kf1 Qh4 30. Rc7 Qh3+ 31. Kg1 Qxa3 32. Qb7 Rf8 33. b5 Qa1+ 34.
Kg2 Qxd4 35. Rd7 Qxf4 36. Qxa7 Rc8 37. Qe3 Qxe3 38. fxe3 Rc2+ 39. Kg3 Rb2 40.
Rb7 Rb4 41. h4 g6 42. b6 Kg7 43. Rb8 g5 44. h5 Kf6 45. b7 Kf5 46. Kf3 Rb3 47.
Rh8 Rxb7 48. Rxh6 Rb4 49. Rh8 Rh4 50. Kg3 f6 51. Rh7 Ke4 52. Rh6 Ke5 53. Rh7 f5
54. Rh8 Ke4 55. h6 Kxe3 56. h7 Ke4 57. Kg2 e5 0-1

[Event "European Blitz 2022"]
[Site "Katowice POL"]
[Date "2022.12.16"]
[Round "4.82"]
[White "Ondozi, Murtez"]
[Black "Bettazzi, Daniele"]
[Result "1-0"]
[WhiteTitle "FM"]
[WhiteElo "2406"]
[BlackElo "2003"]
[WhiteFideId "937576"]
[BlackFideId "886815"]
[EventDate "2022.12.16"]

1. d4 g6 2. e4 Bg7 3. Be3 c5 4. Nf3 cxd4 5. Nxd4 Nc6 6. Nc3 Qa5 7. Qd2 d6 8.
O-O-O Nf6 9. f3 Bd7 10. Kb1 Rc8 11. Nxc6 Bxc6 12. g4 Nd7 13. Bd4 Bxd4 14. Qxd4
O-O 15. h4 Qc5 16. Qd2 Ne5 17. Be2 Nc4 18. Bxc4 Qxc4 19. h5 b5 20. Qh6 Qe6 21.
Nd5 Bxd5 22. exd5 Qf6 23. hxg6 Qxg6 24. Qd2 Rc5 25. Rh5 Rfc8 26. Rg5 1-0

[Event "European Blitz 2022"]
[Site "Katowice POL"]
[Date "2022.12.16"]
[Round "4.84"]
[White "Mitusov, Semen"]
[Black "Zerebiec, Maurycy"]
[Result "1-0"]
[WhiteTitle "IM"]
[WhiteElo "2397"]
[BlackElo "1917"]
[WhiteFideId "14151049"]
[BlackFideId "21816026"]
[EventDate "2022.12.16"]

1. e4 e6 2. d4 d5 3. Nd2 c5 4. Ngf3 Nc6 5. exd5 exd5 6. Bb5 Nf6 7. O-O Be7 8.
dxc5 Bxc5 9. Nb3 Be7 10. Nbd4 Bd7 11. h3 O-O 12. Bd3 Ne4 13. c3 f5 14. Bf4 g5
15. Bh2 h6 16. Ne5 Nxe5 17. Bxe5 Be8 18. Re1 Qb6 19. Qb3 Qxb3 20. axb3 Bg6 21.
b4 a6 22. f3 Nd2 23. Ne6 Rf7 24. b5 Nc4 25. Bd4 Nxb2 26. Bf1 Nc4 27. Nc7 Rc8 28.
bxa6 bxa6 29. Nxd5 Bc5 30. Rxa6 Kh7 31. Nf6+ Kh8 32. Bxc4 Bxd4+ 33. cxd4 Rxc4
34. Re8+ Kg7 1-0

[Event "European Blitz 2022"]
[Site "Katowice POL"]
[Date "2022.12.16"]
[Round "4.87"]
[White "Kaminski, Piotr"]
[Black "Stremavicius, Pijus"]
[Result "1-0"]
[BlackTitle "FM"]
[WhiteElo "2011"]
[BlackElo "2369"]
[WhiteFideId "1125451"]
[BlackFideId "12812730"]
[EventDate "2022.12.16"]

1. d4 d6 2. c4 e5 3. d5 f5 4. Nc3 Nf6 5. g3 g6 6. Bg2 Bg7 7. Nf3 e4 8. Nd4 O-O
9. O-O Qe7 10. b4 a5 11. bxa5 Na6 12. Ncb5 Nc5 13. Bd2 Nxd5 14. cxd5 Bd7 15. e3
c6 16. dxc6 bxc6 17. Nc3 Nd3 18. Qc2 c5 19. Ndb5 Be6 20. a4 d5 21. Rfd1 g5 22.
Be1 c4 23. Nd4 f4 24. Nxe6 Qxe6 25. Nb5 Bxa1 26. Rxa1 Qf6 27. Bc3 Qf7 28. Rb1 h5
29. Bd4 fxe3 30. fxe3 h4 31. Rf1 Qa7 32. Nxa7 1-0

[Event "European Blitz 2022"]
[Site "Katowice POL"]
[Date "2022.12.16"]
[Round "4.88"]
[White "Plaskan, Jure"]
[Black "Sowinski, Pawel"]
[Result "1-0"]
[WhiteElo "2241"]
[BlackElo "2064"]
[WhiteFideId "14605252"]
[BlackFideId "21881979"]
[EventDate "2022.12.16"]

1. e4 c6 2. c4 d5 3. exd5 cxd5 4. d4 Nf6 5. Nc3 e6 6. Nf3 Bb4 7. Bd3 O-O 8. O-O
dxc4 9. Bxc4 Nc6 10. Bg5 Be7 11. Rc1 a6 12. a3 b5 13. Ba2 Bb7 14. Re1 Rc8 15.
Qd3 h6 16. Bxf6 Bxf6 17. Bb1 g6 18. Ne4 Kg7 19. Nc5 Na5 20. Nxe6+ 1-0

[Event "European Blitz 2022"]
[Site "Katowice POL"]
[Date "2022.12.16"]
[Round "4.89"]
[White "Bokhnak, Timofey"]
[Black "Kacprzak, Kacper"]
[Result "0-1"]
[WhiteElo "2096"]
[BlackElo "2289"]
[WhiteFideId "14172976"]
[BlackFideId "21819319"]
[EventDate "2022.12.16"]

1. e4 c5 2. c3 Nf6 3. e5 Nd5 4. Bc4 Nb6 5. Bb3 Nc6 6. Nf3 c4 7. Bc2 d5 8. exd6
e6 9. O-O Bxd6 10. b3 cxb3 11. axb3 e5 12. Re1 O-O 13. Na3 h6 14. Qe2 Be6 15.
Bb2 f5 16. Nb5 Bb8 17. Nbd4 Nxd4 18. Nxd4 Bd7 19. Nf3 e4 20. Nd4 Be5 21. Qe3 Rc8
22. d3 Nd5 23. Qd2 Bf4 24. Qd1 e3 25. Qf3 exf2+ 26. Qxf2 Bb8 27. c4 Nb4 28. Bb1
Qg5 29. Nf3 Qf4 30. Bc3 Nc6 31. d4 Rce8 32. d5 Rxe1+ 33. Qxe1 Re8 34. Qf2 Qc1+
35. Be1 Ne5 36. Nxe5 Bxe5 37. Rxa7 Bd4 0-1

[Event "European Blitz 2022"]
[Site "Katowice POL"]
[Date "2022.12.16"]
[Round "4.90"]
[White "Javornik, Nik"]
[Black "Gaponenko, Inna"]
[Result "0-1"]
[BlackTitle "IM"]
[WhiteElo "2080"]
[BlackElo "2341"]
[WhiteFideId "14636549"]
[BlackFideId "14101181"]
[EventDate "2022.12.16"]

1. e4 g6 2. d4 Bg7 3. Nc3 d6 4. f4 a6 5. Nf3 b5 6. Bd3 Nd7 7. a4 b4 8. Nd5 a5 9.
O-O Bb7 10. Ne3 c5 11. c3 Rc8 12. Bd2 Nb6 13. dxc5 dxc5 14. Bb5+ Bc6 15. Qc2 Qd7
16. f5 Bxb5 17. axb5 Qxb5 18. fxg6 hxg6 19. Ng5 Nh6 20. Nd5 Nxd5 21. exd5 c4 22.
Qe4 O-O 23. Kh1 Rcd8 24. cxb4 axb4 25. Ra7 Rxd5 26. Nxf7 Rxf7 27. Rxf7 Nxf7 28.
Qxg6 Rxd2 29. Ra8+ Rd8 30. Rxd8+ Nxd8 31. h3 c3 32. bxc3 bxc3 33. Qc2 Nf7 34.
Qa2 Qd3 35. Qa8+ Kh7 36. Qa5 c2 37. Qh5+ Kg8 0-1

[Event "European Blitz 2022"]
[Site "Katowice POL"]
[Date "2022.12.16"]
[Round "4.92"]
[White "Malik, Maciej"]
[Black "Mis, Mieszko"]
[Result "0-1"]
[BlackTitle "FM"]
[WhiteElo "1954"]
[BlackElo "2389"]
[WhiteFideId "21007071"]
[BlackFideId "1196448"]
[EventDate "2022.12.16"]

1. e4 c6 2. Nf3 d5 3. Nc3 dxe4 4. Nxe4 Nf6 5. Qe2 Nxe4 6. Qxe4 Qd5 7. Qxd5 cxd5
8. Bb5+ Bd7 9. Bxd7+ Nxd7 10. d4 e6 11. Bf4 Rc8 12. c3 Nb6 13. Nd2 Kd7 14. a4
Bd6 15. Bxd6 Kxd6 16. a5 Nd7 17. Ke2 Rhe8 18. f4 h6 19. Kd3 Nf6 20. Rhf1 Rc7 21.
a6 b6 22. Nb1 Ne4 23. Na3 Kc6 24. c4 Nd6 25. b3 Kd7 26. Rfe1 Rec8 27. Rac1 g6
28. Rc2 h5 29. cxd5 exd5 30. Rxc7+ Rxc7 31. Nc2 Ne4 32. Nb4 Kd6 33. Na2 h4 34.
Rf1 Rc6 35. f5 g5 36. Ra1 b5 37. Rc1 Rxa6 38. Nb4 Rb6 39. Ke3 a5 40. Nd3 f6 41.
Nc5 Rb8 42. Nxe4+ dxe4 43. Kxe4 Re8+ 44. Kd3 a4 45. bxa4 bxa4 46. Ra1 Ra8 47.
Kc4 a3 48. Ra2 Kc6 49. g3 h3 50. g4 Kd6 51. Kc3 Kd5 52. Kd3 Ra7 53. Ke3 Kc4 54.
Rc2+ Kb3 55. Rc1 Kb2 56. Rd1 a2 57. Ke4 a1=Q 58. Rxa1 Rxa1 59. Kd5 Rh1 60. Ke6
Rxh2 61. Kxf6 Rd2 0-1

[Event "European Blitz 2022"]
[Site "Katowice POL"]
[Date "2022.12.16"]
[Round "4.93"]
[White "D'Costa, Lorin"]
[Black "Kolesnikovs, Ivans"]
[Result "1-0"]
[WhiteTitle "IM"]
[WhiteElo "2375"]
[BlackElo "2052"]
[WhiteFideId "409219"]
[BlackFideId "11602244"]
[EventDate "2022.12.16"]

1. Nf3 Nf6 2. c4 e6 3. g3 d5 4. Bg2 d4 5. O-O c5 6. b4 cxb4 7. a3 bxa3 8. d3 Be7
9. Bxa3 Bxa3 10. Qa4+ Nc6 11. Qxa3 Qe7 12. Nbd2 Qxa3 13. Rxa3 O-O 14. Rb1 Rb8
15. Nb3 e5 16. Na5 Bd7 17. Nd2 h6 18. Nxb7 Ne7 19. Rxa7 Ng6 20. Raa1 Bg4 21. Kf1
Bf5 22. Nd6 Be6 23. N2e4 Nd7 24. Nb7 f5 25. Nec5 Nxc5 26. Nxc5 Bf7 27. Nd7 Rxb1+
28. Rxb1 Rd8 29. Rb7 e4 30. dxe4 Bxc4 31. exf5 Ne7 32. Be4 Nc8 33. Ne5 Nd6 34.
Nxc4 Nxe4 35. Re7 Nc3 36. g4 d3 37. exd3 Rxd3 38. Ne5 Rd2 39. Ng6 Rd8 40. Kg2
Nd5 41. Rb7 Nf6 42. h3 Kh7 43. Nf4 Rd2 44. Ne6 Ne8 45. Re7 Nd6 46. Rxg7+ Kh8 47.
Rd7 h5 48. g5 Rd5 49. g6 Rd2 50. Rd8+ 1-0

[Event "European Blitz 2022"]
[Site "Katowice POL"]
[Date "2022.12.16"]
[Round "4.94"]
[White "Cukrowski, Filip"]
[Black "Choina, Adam"]
[Result "1-0"]
[WhiteTitle "FM"]
[WhiteElo "2402"]
[BlackElo "1886"]
[WhiteFideId "1171097"]
[BlackFideId "1161156"]
[EventDate "2022.12.16"]

1. d4 Nf6 2. c4 g6 3. Nc3 Bg7 4. e4 d6 5. Nf3 O-O 6. Be2 e5 7. O-O Nc6 8. dxe5
Nxe5 9. Nxe5 dxe5 10. Bg5 c6 11. h3 Be6 12. Qa4 Qc7 13. Rfd1 Nd7 14. Be7 Rfe8
15. Bd6 Qb6 16. Qc2 Nc5 17. Rab1 Kh8 18. b4 Nd7 19. c5 Qd8 20. b5 f5 21. bxc6
bxc6 22. Rb7 fxe4 23. Nxe4 Bf5 24. Qa4 Qh4 25. Nc3 Qg5 26. h4 Qf6 27. Bf3 e4 28.
Nxe4 Qxh4 29. Bg3 Qe7 30. Nd6 Red8 31. Nxf5 gxf5 32. Bh4 Bf6 33. Bxf6+ Qxf6 34.
Rbxd7 Rxd7 35. Rxd7 Re8 36. Qd4 1-0

[Event "European Blitz 2022"]
[Site "Katowice POL"]
[Date "2022.12.16"]
[Round "4.95"]
[White "Cano Sevilla, Ivan"]
[Black "Cyfka, Karina"]
[Result "0-1"]
[BlackTitle "IM"]
[WhiteElo "2027"]
[BlackElo "2348"]
[WhiteFideId "32043546"]
[BlackFideId "1122681"]
[EventDate "2022.12.16"]

1. d4 Nf6 2. Bf4 e6 3. e3 c5 4. c3 b6 5. Nf3 Bb7 6. Nbd2 Be7 7. h3 O-O 8. Be2 d6
9. O-O Nbd7 10. a4 cxd4 11. exd4 Nd5 12. Bh2 N7f6 13. a5 Rc8 14. axb6 axb6 15.
Ra7 Rc7 16. Qa1 Bc6 17. Qa6 Qd7 18. Rxc7 Qxc7 19. Ra1 Ra8 20. Qxa8+ Bxa8 21.
Rxa8+ Bf8 22. Nc4 Qc6 23. Rd8 Ne4 24. Bd3 Ndf6 25. Rb8 Qa4 26. Rxb6 d5 27. Ne3
h6 28. Bf4 Nd7 29. Rb7 Nef6 30. Ng4 Qd1+ 31. Bf1 Nxg4 32. hxg4 Nf6 33. Nh2 Qc2
34. f3 Nh7 35. Rb8 g5 36. Bd6 Kg7 37. Be5+ Kg8 38. Bd6 Kg7 39. Be5+ f6 40. Bg3
Qd2 41. Bf2 h5 42. gxh5 f5 43. b4 Qxc3 44. b5 Bd6 45. Rb7+ Kh6 46. Rb6 Qc7 47.
Rc6 Bxh2+ 48. Kh1 Qf4 49. Rxe6+ Kg7 50. b6 Bg3 51. Bxg3 Qxg3 52. b7 Nf8 53. Re5
Qh4+ 54. Kg1 Qxd4+ 0-1

[Event "European Blitz 2022"]
[Site "Katowice POL"]
[Date "2022.12.16"]
[Round "4.96"]
[White "Molenda, Marcin"]
[Black "Dziendziel, Mateusz"]
[Result "1-0"]
[WhiteTitle "FM"]
[WhiteElo "2381"]
[BlackElo "2042"]
[WhiteFideId "1173065"]
[BlackFideId "21840946"]
[EventDate "2022.12.16"]

1. d4 d5 2. c4 c6 3. Nf3 Nf6 4. Qb3 dxc4 5. Qxc4 Bf5 6. g3 e6 7. Bg2 Be7 8. O-O
O-O 9. Nc3 Nbd7 10. e3 Ne4 11. Qe2 c5 12. Rd1 Nxc3 13. bxc3 Be4 14. Bf1 b6 15.
Bb2 Qc7 16. Nd2 Bb7 17. e4 Rad8 18. Bg2 Nf6 19. Rac1 Qc8 20. Qe3 Ba6 21. Qf4 Nh5
22. Qg4 Nf6 23. Qh3 Be2 24. Re1 Bg4 25. Qh4 h5 26. Nf3 Qc7 27. Qg5 Nxe4 1-0

[Event "European Blitz 2022"]
[Site "Katowice POL"]
[Date "2022.12.16"]
[Round "4.97"]
[White "Parol, Pola"]
[Black "Dragicevic, Drazen"]
[Result "1-0"]
[WhiteTitle "WFM"]
[BlackTitle "FM"]
[WhiteElo "2041"]
[BlackElo "2345"]
[WhiteFideId "1163116"]
[BlackFideId "1707922"]
[EventDate "2022.12.16"]

1. e4 c5 2. Nf3 d6 3. d4 cxd4 4. Nxd4 Nf6 5. Nc3 Bd7 6. Nb3 Bc6 7. Bd3 e5 8. Bg5
Nbd7 9. Bc4 Be7 10. f3 O-O 11. Qe2 a6 12. a4 Nxe4 13. Nxe4 Bxg5 14. Nxd6 Bh4+
15. g3 Be7 16. Nf5 Bf6 17. Rd1 Qc7 18. O-O b5 19. axb5 axb5 20. Bd3 Rfe8 21. Be4
Bxe4 22. fxe4 Nc5 23. Qxb5 Nxe4 24. Qd3 Ng5 25. Ne3 Qc6 26. Rf2 Nh3+ 27. Kf1
Nxf2 28. Kxf2 e4 29. Qd5 Qxd5 30. Nxd5 Ra2 31. Nxf6+ gxf6 32. Rb1 Rc8 33. Nd4
Rc4 34. Ke3 Rb4 1-0

[Event "European Blitz 2022"]
[Site "Katowice POL"]
[Date "2022.12.16"]
[Round "4.98"]
[White "Bartel, Michal"]
[Black "Karvatskyi, Oleksii"]
[Result "1/2-1/2"]
[WhiteTitle "FM"]
[WhiteElo "2250"]
[BlackElo "1995"]
[WhiteFideId "1119257"]
[BlackFideId "14191059"]
[EventDate "2022.12.16"]

1. e4 c5 2. Ne2 Nc6 3. g3 g6 4. Bg2 Bg7 5. c3 e5 6. d3 Nge7 7. Be3 d6 8. O-O O-O
9. f4 f5 10. Nd2 fxe4 11. Nxe4 Nf5 12. Bf2 Be6 13. Ng5 Qe7 14. fxe5 Qxg5 15. Nf4
Qe7 16. exd6 Qxd6 17. Nxe6 Qxe6 18. Bxc5 Rfe8 19. Qg4 Qe5 20. d4 Qe3+ 21. Kh1
Ne5 22. Qe4 Nd3 23. Qxe3 Nxe3 24. Bxb7 Rab8 25. Bc6 Re6 26. Bd7 Rf6 27. Rxf6
Bxf6 28. b4 Rd8 29. Ba4 Ra8 30. Bc6 Rc8 31. d5 Nxc5 32. bxc5 Bxc3 33. Rb1 Bd4
34. Rc1 Nf5 35. Rc4 Kf8 36. g4 Bxc5 37. Rxc5 Nd4 38. Rc4 Ne2 39. Kg2 g5 40. Kf3
Nf4 41. Ra4 Ke7 42. Rxa7+ Kd6 43. Rxh7 Kc5 44. h4 Rf8 45. Ke4 gxh4 46. Rxh4 Ng6
47. Rh1 Rf4+ 48. Ke3 Rxg4 49. Rc1+ Kd6 50. Bb7 Ne5 51. Bc6 Rg3+ 52. Kf2 Ra3 53.
Rc2 Ra5 54. Ke3 Ra3+ 55. Kf4 Rf3+ 56. Kg5 Rf7 57. a4 Ra7 58. Rb2 Rf7 59. Rb8
Nxc6 60. dxc6 Kxc6 61. Kg6 Ra7 62. Rb4 Kc5 63. Rf4 Kb6 64. Kf6 Rd7 65. Ke6 Rd1
66. Ke5 Ka5 67. Ke6 Rd2 68. Ke5 Ra2 69. Ke6 Rxa4 70. Rxa4+ 1/2-1/2

[Event "European Blitz 2022"]
[Site "Katowice POL"]
[Date "2022.12.16"]
[Round "4.99"]
[White "Ribeiro, Rodrigo"]
[Black "Drazic, Sinisa"]
[Result "1/2-1/2"]
[BlackTitle "GM"]
[WhiteElo "1953"]
[BlackElo "2372"]
[WhiteFideId "1938398"]
[BlackFideId "901172"]
[EventDate "2022.12.16"]

1. d4 d5 2. c4 dxc4 3. e4 Nf6 4. Nc3 a6 5. e5 Nd5 6. Bxc4 e6 7. Nge2 Be7 8. O-O
b5 9. Nxd5 exd5 10. Bd3 c5 11. dxc5 Bxc5 12. Qc2 Bb6 13. Bxh7 Nd7 14. e6 fxe6
15. Nf4 Nf8 16. Bg6+ Kd7 17. Re1 Qf6 18. Bd3 e5 19. Nxd5 1/2-1/2

[Event "European Blitz 2022"]
[Site "Katowice POL"]
[Date "2022.12.16"]
[Round "4.100"]
[White "Seemann, Jakub"]
[Black "Mihelic, Vesna"]
[Result "1-0"]
[WhiteTitle "FM"]
[BlackTitle "WCM"]
[WhiteElo "2365"]
[BlackElo "2040"]
[WhiteFideId "21874697"]
[BlackFideId "14625520"]
[EventDate "2022.12.16"]

1. d4 d5 2. c4 e6 3. Nf3 Nf6 4. g3 dxc4 5. Bg2 Bb4+ 6. Bd2 a5 7. Qc2 O-O 8. Qxc4
Nc6 9. O-O Nd5 10. a3 Nb6 11. Qd3 Bxd2 12. Nbxd2 Bd7 13. Ne4 Na7 14. Ne5 Bb5 15.
Qd2 Nc6 16. Nf3 Nc4 17. Qc3 Nd6 18. Qc2 Ne7 19. Rac1 Nxe4 20. Qxe4 Bc6 21. Qc2
Ng6 22. e3 Qd7 23. h4 f6 24. Rfd1 Rfd8 25. e4 Qf7 26. d5 exd5 27. Nd4 Be8 28.
exd5 Rac8 29. Ne6 Rd7 30. Nc5 Rd6 31. Nxb7 Rb6 32. d6 c6 33. Nc5 Ne5 34. Bh3 Bd7
35. Nxd7 Nxd7 36. Re1 Re8 37. Bg2 Ne5 38. f4 Ng4 39. Rxe8+ Qxe8 40. Qe4 Qc8 41.
Rxc6 Rxc6 42. Qxc6 1-0

[Event "European Blitz 2022"]
[Site "Katowice POL"]
[Date "2022.12.16"]
[Round "5.1"]
[White "Navara, David"]
[Black "Maltsevskaya, Aleksandra"]
[Result "1/2-1/2"]
[WhiteTitle "GM"]
[BlackTitle "IM"]
[WhiteElo "2684"]
[BlackElo "2400"]
[WhiteFideId "309095"]
[BlackFideId "24174041"]
[EventDate "2022.12.16"]

1. e4 c5 2. Nf3 e6 3. b3 Nc6 4. Bb2 b6 5. d4 cxd4 6. Nxd4 Bb7 7. Nc3 Nf6 8. Nxc6
Bxc6 9. f3 Qc7 10. Qd2 Be7 11. O-O-O O-O-O 12. Nb5 Bxb5 13. Bxb5 d5 14. e5 Nd7
15. Rhe1 Kb8 16. Kb1 h6 17. Qf4 Rhf8 18. c4 dxc4 19. Qxc4 Qxc4 20. Bxc4 Kb7 21.
f4 Nc5 22. a3 a5 23. g4 Kc6 24. f5 b5 25. Be2 Nxb3 26. f6 gxf6 27. exf6 Bc5 28.
h4 Nd4 29. Bd3 Rg8 30. Be4+ Kb6 31. Rg1 Nb3 32. Rxd8 Rxd8 33. Re1 Rd2 34. g5
hxg5 35. hxg5 Rf2 36. g6 Nd2+ 37. Ka1 fxg6 38. Bxg6 Nc4 39. Rxe6+ Kc7 40. Bc3 b4
41. axb4 axb4 42. Re4 bxc3 43. Rxc4 Kd6 44. f7 Kd5 45. Bd3 Bd4 46. Kb1 Rxf7 47.
Rc8 Rb7+ 48. Kc1 Rb2 49. Rd8+ Ke5 50. Re8+ Kf6 51. Bc2 Ra2 52. Kb1 Ra5 53. Kc1
Be5 54. Kb1 Kg5 55. Rf8 Bf6 56. Kc1 Ra6 57. Kd1 Kf4 58. Ke2 Rd6 59. Bd3 Ke5 60.
Rc8 Kd5 61. Kd1 Rb6 62. Bc2 Ra6 63. Ke2 Rd6 64. Bb3+ Ke4 65. Bc2+ Kf4 66. Rc4+
Kg5 67. Rc5+ Kf4 68. Rc4+ Kg5 1/2-1/2

[Event "European Blitz 2022"]
[Site "Katowice POL"]
[Date "2022.12.16"]
[Round "5.2"]
[White "Plaskan, Jure"]
[Black "Svane, Rasmus"]
[Result "0-1"]
[BlackTitle "GM"]
[WhiteElo "2241"]
[BlackElo "2622"]
[WhiteFideId "14605252"]
[BlackFideId "4657101"]
[EventDate "2022.12.16"]

1. e4 c6 2. d4 d5 3. exd5 cxd5 4. c4 Nf6 5. Nc3 Nc6 6. Nf3 a6 7. c5 Bg4 8. Be2
g6 9. h3 Bxf3 10. Bxf3 Bg7 11. O-O e6 12. Na4 Nd7 13. Be3 O-O 14. Qd2 b6 15. b4
bxc5 16. bxc5 Rb8 17. Be2 Rb4 18. Nb2 Bxd4 19. Bxd4 Rxd4 20. Qc3 Qa5 21. Qxa5
Nxa5 22. Bxa6 Nxc5 23. Be2 Rd2 24. Rfc1 Ne4 0-1